Shared Names #2 - Statistics

General Stats
  • This quiz has been taken 20 times
  • The average score is 11 of 15
Answer Stats
Hint Answer % Correct
Vanilla_____Cube Ice
100%
Elizabeth_______Swift Taylor
100%
James________Diaz Cameron
95%
Piers______Freeman Morgan
95%
Lionel_____Valens Richie
84%
Bruce______Marvin Lee
79%
John______Close Glenn
74%
Gene_____ Clarkson Kelly
74%
Raul_______Roberts Julia
63%
Steve_______Short Martin
63%
Jennifer______Welk Lawrence
58%
Mary_______Duvall Shelley
58%
Ron_______Stern Howard
53%
Toby______Richards Keith
47%
Charlie_______Cameron Kirk
26%
No matching quizzes found
Score Distribution
Percent of People with Each Score
Percentile by Number Answered
Your Score History
You have not taken this quiz